200 bài tập nâng cao Hóa học 12: Trắc nghiệm và tự luận

v.v...

Đã lưu trong:
Chi tiết thư mục
Tác giả chính: Nguyễn Văn Thoại
Định dạng: Sách
Năm xuất bản: H. Đại học Quốc gia 2008
Chủ đề:
Tags: Thêm thẻ
Không có thẻ, Hãy là người đầu tiên gắn thẻ bản ghi này!
LEADER 01445nam a2200229 4500
082 |a 540.76  |b NG527V 
100 |a Nguyễn Văn Thoại 
245 |a 200 bài tập nâng cao Hóa học 12: Trắc nghiệm và tự luận  |c Nguyễn Văn Thoại 
260 |a H.  |b Đại học Quốc gia  |c 2008 
300 |a 191 tr  |c 24 cm 
520 |a v.v... 
653 |a Hóa học 
653 |a Lớp 12 
653 |a Trắc nghiệm 
653 |a Giải bài tập 
942 |2 ddc  |c STK0 
999 |c 7557  |d 7557 
952 |0 0  |1 0  |2 ddc  |4 0  |6 540_760000000000000_NG527V  |7 0  |8 500  |9 68091  |a qbu  |b qbu  |c D3  |d 2015-02-20  |g 24000  |o 540.76 NG527V  |p 7016.c1  |r 0000-00-00  |w 2015-02-20  |y STK0  |0 0  |6 540_760000000000000_NG527V 
952 |0 0  |1 0  |2 ddc  |4 0  |6 540_760000000000000_NG527V  |7 0  |8 500  |9 68092  |a qbu  |b qbu  |c D3  |d 2015-02-20  |g 24000  |o 540.76 NG527V  |p 7016.c2  |r 0000-00-00  |w 2015-02-20  |y STK0  |0 0  |6 540_760000000000000_NG527V 
952 |0 0  |1 0  |2 ddc  |4 0  |6 540_760000000000000_NG527V  |7 0  |8 500  |9 68093  |a qbu  |b qbu  |c D3  |d 2015-02-20  |g 24000  |o 540.76 NG527V  |p 7016.c3  |r 0000-00-00  |w 2015-02-20  |y STK0  |0 0  |6 540_760000000000000_NG527V 
952 |0 0  |1 0  |2 ddc  |4 0  |6 540_760000000000000_NG527V  |7 0  |8 500  |9 68094  |a qbu  |b qbu  |c D3  |d 2015-02-20  |g 24000  |o 540.76 NG527V  |p 7016.c4  |r 0000-00-00  |w 2015-02-20  |y STK0  |0 0  |6 540_760000000000000_NG527V 
952 |0 0  |1 0  |2 ddc  |4 0  |6 540_760000000000000_NG527V  |7 0  |8 500  |9 68095  |a qbu  |b qbu  |c D3  |d 2015-02-20  |g 24000  |l 1  |o 540.76 NG527V  |p 7016.c5  |r 2018-06-01  |s 2018-05-31  |w 2015-02-20  |y STK0  |0 0  |6 540_760000000000000_NG527V